000 00306nam a22001337a 4500
008 180904b xxu||||| |||| 00| 0 eng d
020 _a040995053
041 _aeng
080 _a617
100 _a6
101 _aANE
245 _aAn Integrated Approach to Monitoring
_cGravestein, J.S
942 _2udc
_cBK
999 _c47501
_d47501